• Tánger (Marruecos)

di Geographic Name

Records bibliografici associati: 1

001 - CONTROL NUMBER

  • control field: 57693

003 - CONTROL NUMBER IDENTIFIER

  • control field: IT-RoINE

005 - DATE AND TIME OF LATEST TRANSACTION

  • control field: 20190306103538.0

008 - FIXED-LENGTH DATA ELEMENTS

  • fixed length control field: 190306|| aca||aabn | a|a d

040 ## - CATALOGING SOURCE

  • Original cataloging agency: IT-RoINE
  • Transcribing agency: IT-RoINE

151 ## - HEADING--GEOGRAPHIC NAME

  • Geographic name: Tánger (Marruecos)
  • General subdivision: Administración
  • Chronological subdivision: 1912-1956 (Protectorado español)

670 ## - SOURCE DATA FOUND

  • Source citation: Work cat.: (IT-RoINE)0: Tanger bajo la acción protectora de España durante el conflicto mundial, junio 1940-octubre 1945, 1946.